00570 2200217 4500001002100000005001700021008004100038020002200079035002400101082001000125090002200135100002000157245004100177250001000218260003100228300002400259650002100283850001200304990001900316990001700335YOGYA-0611000000094520110622131215.0 ind  a978-979-077-045-4 0010-061100000000945 a028.5 a028.5bHan AlSEL aHANDRINI, Ninik aAllah Maha PenyayangcNinik Handrini aCet.1 aJakartabGema Insanic2009 a36 hlmbilusc20 cm aBacaan bergambar aYOPDYOG a991- Sel/ B.11 a992-Sel/B.11